00801cam a22002777a 45000010005000000030006000050050017000110080041000280100017000690200022000860200018001080400023001260500024001490820009001731000020001822450042002022600035002443000064002794900041003435050007003845200046003915210018004375210018004556500022004737000028004951999FISKH20231025124358.0060612s2005 nyua 000 0 eng  a 2006276782 a0439773636 (pbk.) a9780439773638 aDLCcDLCdDLCbeng00aMLCS 2006/11603 (Q) a612 1 aBerger, Melvin.10aYour body /cMelvin and Gilda Berger. aNew York :bScholastic,c2005. a16 unnumbered pages : bcolor illustrations ;c18 × 21 cm1 aScholastic readers. Time-to-discover aG  aYour body has bones, muscles, and brain. 8 a350 bLexile 8 aG bRaz-Plus  aBodyvNon fiction1 aBerger, Gilda.eAuthor